Scottish Planning Policy SPP 10 (Record no. 107917)

MARC details
000 -LEADER
fixed length control field 01079cam a2200277 4500
001 - CONTROL NUMBER
control field E142559
008 - FIXED-LENGTH DATA ELEMENTS--GENERAL INFORMATION
fixed length control field 080222e20070831stk |s000 0 eng d
020 ## - INTERNATIONAL STANDARD BOOK NUMBER
International Standard Book Number 9780755967124
022 1# - INTERNATIONAL STANDARD SERIAL NUMBER
International Standard Serial Number 1741-1203
035 ## - SYSTEM CONTROL NUMBER
System control number (Sirsi) u142559
041 0# - LANGUAGE CODE
Language code of text/sound track or separate title eng
050 04 - LIBRARY OF CONGRESS CALL NUMBER
Classification number 614.76 $2 18
110 2# - MAIN ENTRY--CORPORATE NAME
Corporate name or jurisdiction name as entry element Scotland
Subordinate unit Scottish Executive
-- Development Department
245 00 - TITLE STATEMENT
Title Scottish Planning Policy SPP 10
Remainder of title planning for waste management
Medium [electronic resource]
260 ## - PUBLICATION, DISTRIBUTION, ETC.
Place of publication, distribution, etc. Edinburgh
Name of publisher, distributor, etc. Scottish Executive
Date of publication, distribution, etc. 2007
490 #0 - SERIES STATEMENT
Series statement Scottish Planning Policies
521 ## - TARGET AUDIENCE NOTE
Target audience note Supports a planned approach to the identification of sites for waste management installations.
650 24 - SUBJECT ADDED ENTRY--TOPICAL TERM
Topical term or geographic name entry element PLANNING WHITE PAPER
650 24 - SUBJECT ADDED ENTRY--TOPICAL TERM
Topical term or geographic name entry element PLANNING ETC. (SCOTLAND) ACT 2006
650 24 - SUBJECT ADDED ENTRY--TOPICAL TERM
Topical term or geographic name entry element LANDFILL (SCOTLAND) REGULATIONS 2003
650 24 - SUBJECT ADDED ENTRY--TOPICAL TERM
Topical term or geographic name entry element SCOTTISH PLANNING POLICY 10
651 #4 - SUBJECT ADDED ENTRY--GEOGRAPHIC NAME
Geographic name Scotland
Chronological subdivision 1999-
690 ## - LOCAL SUBJECT ADDED ENTRY--TOPICAL TERM (OCLC, RLIN)
Topical term or geographic name as entry element ENVIRONMENTAL AND LAND CONSULTANCY-WASTE MANAGEMENT
856 40 - ELECTRONIC LOCATION AND ACCESS
Uniform Resource Identifier <a href="https://www.scotland.gov.uk/Publications/2007/08/28161910/0">https://www.scotland.gov.uk/Publications/2007/08/28161910/0</a>
Public note View the item free of charge at www.scotland.gov.uk...
942 ## - ADDED ENTRY ELEMENTS (KOHA)
Suppress in OPAC 0
Holdings
Withdrawn status Lost status Source of classification or shelving scheme Damaged status Not for loan Home library Current library Shelving location Date acquired Total Checkouts Full call number Barcode Date last seen Copy number Price effective from Koha item type
    Dewey Decimal Classification     Virtual Virtual Online 22/02/2008   ONLINE PUBLICATION 142559-2001 06/08/2019 1 06/08/2019 Book